Fast Typing - Paraguay - Statistics

General Stats
  • This quiz has been taken 26 times
  • The average score is 12 of 15
Answer Stats
Paraguay % Correct
Paraguay
100%
Paraguay
100%
Paraguay
100%
Paraguay
100%
Paraguay
94%
Paraguay
94%
Paraguay
88%
Paraguay
88%
Paraguay
82%
Paraguay
65%
Paraguay
65%
Paraguay
65%
Paraguay
53%
Paraguay
53%
Paraguay
53%
No matching quizzes found
Score Distribution
Percent of People with Each Score
Percentile by Number Answered
Your Score History
You have not taken this quiz